Experiments in physical chemistry (Record no. 42917)

MARC details
000 -LEADER
fixed length control field 00644nam a2200169 a 4500
008 - FIXED-LENGTH DATA ELEMENTS--GENERAL INFORMATION
fixed length control field 120416s1950 ||||||||||||||||| || u
050 ## - LIBRARY OF CONGRESS CALL NUMBER
Classification number QD 457 Ste
100 ## - MAIN ENTRY--PERSONAL NAME
Personal name Steinbach, Otto F
245 10 - TITLE STATEMENT
Title Experiments in physical chemistry
260 ## - PUBLICATION, DISTRIBUTION, ETC.
Place of publication, distribution, etc. New York
Name of publisher, distributor, etc. American Book Co
Date of publication, distribution, etc. 1950
300 ## - PHYSICAL DESCRIPTION
Extent vi, 250 p. ill.
350 ## - PRICE (NR) (BK AM CF MU VM SE) [OBSOLETE]
Price 0.00
490 ## - SERIES STATEMENT
Series statement CHEMISTRY, PHYSICAL AND THEORETICAL--LABORATORY MANUALS
650 #0 - SUBJECT ADDED ENTRY--TOPICAL TERM
Topical term or geographic name entry element CHEMISTRY--HANDBOOKS, MANUALS, ETC
700 ## - ADDED ENTRY--PERSONAL NAME
Personal name King, Cecil Victor, 1899-
995 ## - RECOMMENDATION 995 [LOCAL, UNIMARC FRANCE]
-- 0.00
-- CBU-MAIN LIBRARY (Kitwe)
-- 1
-- 1.95
-- AVAILABLE
-- Main Library Open Access Collection
Holdings
Withdrawn status Lost status Source of classification or shelving scheme Damaged status Not for loan Home library Current library Shelving location Date acquired Total Checkouts Full call number Barcode Date last seen Price effective from Koha item type
          CBU-MAIN LIBRARY, KITWE. CBU-MAIN LIBRARY, KITWE.   11/30/2022   QD 457 Ste 012463 11/30/2022 11/30/2022 MONOGRAPH